Modern physics / (Record no. 8799)

MARC details
000 -LEADER
fixed length control field 01221nam a2200361 i 4500
003 - CONTROL NUMBER IDENTIFIER
control field EG-ScBUE
005 - DATE AND TIME OF LATEST TRANSACTION
control field 20250121094510.0
008 - FIXED-LENGTH DATA ELEMENTS--GENERAL INFORMATION
fixed length control field 090525t2008 caua f 001 0 eng d
020 ## - INTERNATIONAL STANDARD BOOK NUMBER
International Standard Book Number 9780321526670
020 ## - INTERNATIONAL STANDARD BOOK NUMBER
International Standard Book Number 0321526678
035 ## - SYSTEM CONTROL NUMBER
System control number (OCoLC)ocm85018210
035 ## - SYSTEM CONTROL NUMBER
System control number (OCoLC)85018210
040 ## - CATALOGING SOURCE
Original cataloging agency EG-ScBUE
Language of cataloging eng
Description conventions rda
Transcribing agency EG-ScBUE
Modifying agency EG-ScBUE
082 04 - DEWEY DECIMAL CLASSIFICATION NUMBER
Classification number 530
Item number HAR
Edition number 22
100 1# - MAIN ENTRY--PERSONAL NAME
Personal name Harris, Randy,
Relator term author.
9 (RLIN) 5066
245 10 - TITLE STATEMENT
Title Modern physics /
Statement of responsibility, etc Randy Harris, University of California, Davis.
250 ## - EDITION STATEMENT
Edition statement Second edition.
250 ## - EDITION STATEMENT
Edition statement Pearson International edition.
264 #1 - PUBLICATION, DISTRIBUTION, ETC. (IMPRINT)
Place of publication, distribution, etc San Francisco :
Name of publisher, distributor, etc Pearson/Addison Wesley,
Date of publication, distribution, etc [2008]
264 #4 - PUBLICATION, DISTRIBUTION, ETC. (IMPRINT)
Date of publication, distribution, etc c2008
300 ## - PHYSICAL DESCRIPTION
Extent xiv, 558, [64] pages :
Other physical details illustrations (some color) ;
Dimensions 27 cm
336 ## - CONTENT TYPE
Source rdacontent
Content type term text
Content type code txt
337 ## - MEDIA TYPE
Media type term unmediated
Source rdamedia
Media type code n
338 ## - CARRIER TYPE
Carrier type term volume
Carrier type code nc
Source rdacarrier
500 ## - GENERAL NOTE
General note Rev. ed. of : Nonclassical physics.1998.
500 ## - GENERAL NOTE
General note Includes index.
590 ## - LOCAL NOTE (RLIN)
Local note yassmeen ashraf
650 #7 - SUBJECT ADDED ENTRY--TOPICAL TERM
Topical term or geographic name as entry element Physics
Form subdivision Textbooks.
9 (RLIN) 5067
Source of heading or term BUEsh
653 ## - INDEX TERM--UNCONTROLLED
Resource For college Engineering, General
Arrived date list August2015
655 ## - INDEX TERM--GENRE/FORM
Form subdivision Reading book
856 41 - ELECTRONIC LOCATION AND ACCESS
Materials specified Table of contents only
Uniform Resource Identifier <a href="http://www.loc.gov/catdir/toc/ecip0711/2007005770.html">http://www.loc.gov/catdir/toc/ecip0711/2007005770.html</a>
942 ## - ADDED ENTRY ELEMENTS (KOHA)
Koha item type Book - Borrowing
Source of classification or shelving scheme Dewey Decimal Classification
Holdings
Withdrawn status Lost status Source of classification or shelving scheme Damaged status Not for loan Collection code Home library Current library Shelving location Date acquired Source of acquisition Total Checkouts Total Renewals Full call number Barcode Date last seen Date checked out Cost, replacement price Koha item type Cost, normal purchase price Serial Enumeration / chronology Price effective from
    Dewey Decimal Classification     Baccah Central Library Central Library First floor 24/03/2008   1 2 530 HAR 000010746 15/07/2025 01/09/2014 224.00 Book - Borrowing      
    Dewey Decimal Classification     Alahram Central Library Central Library First floor 25/05/2009       530 HAR 000016426 15/07/2025     Book - Borrowing 225.00 380 25/05/2009